Esercizi latini : vol.1.: corredato di elementi di analisi logica per la prima classe della scuola media inferiore

Gespeichert in:
Bibliographische Detailangaben
1. Verfasser: Ficari, Quirino (VerfasserIn)
Format: Buch
Sprache:Italienisch
Erschienen: Lanciano : Rocco Carabba, 1947
Katalog:EDISCO:  Suchergebnis im Bibliothekskatalog
Schulbuchspezifische Eigenschaften:
Schlagworte:
Tags: Tag hinzufügen
Keine Tags, Fügen Sie den ersten Tag hinzu!
Hinzugefügt zu:30.04.2016
Geändert in:18.10.2017

MARC

LEADER 00000aam a22000001 4500
001 00785
003 OSt
005 20171018093256.0
008 160501s1947 it 000 0 ita
040 |c Antonio Parlati - L'Acquila 
041 1 |a ita 
100 1 |a Ficari, Quirino  |e Author  |9 739 
245 0 0 |a Esercizi latini :   |b vol.1.: corredato di elementi di analisi logica per la prima classe della scuola media inferiore /  |c Quirino Ficari 
260 |a Lanciano :  |b Rocco Carabba,  |c 1947 
300 |a 190 p., 1/3 ;   |c in 8° 
510 3 |a 230 
650 4 |a Latino  |9 14 
655 |a Eserciziario  |9 36 
690 4 |a Secondaria inferiore  |9 97  |x Media 
901 |a 1 
942 |2 ddc  |c BK 
546 |a ita 
999 |c 775  |d 775 
999 |c edisco:775  |d 775